Responses for Show #6231 - Monday, October 24, 2011

Alex introduces the newly unveiled Jeopardy! Hall of Fame backstage.

Contestants

[<< previous game]

Laura Bulkin, a pianist and music teacher from Taos, New Mexico

Francisco Maldonado-Ramirez, a legislative aide from Highland Park, New Jersey

Balaji Narain, an attorney originally from Cumming, Georgia (whose 1-day cash winnings total $35,400)

[next game >>]

Jeopardy! Round responses

VOLCANOES
ALSO SOMETHING YOU WEAR
NOVELS BY CHAPTER TITLE
A "TON" OF PEOPLE
KAN U SPEL BIZNESS?
(Alex: And yes, you're going to have to spell the correct response.)
A TOUR OF EATALY
(Sarah: ...from north to south--specialties just like Mama made them at a 42,000-square-foot marketplace in New York City.)
    $200 1
Vesuvius

Balaji
    $200 4
a sock

Laura
    $200 12
The Three Musketeers

Francisco
    $200 9
(Eric) Clapton

Laura
    $200 3
(Francisco: What is Whip?)
(Alex: You have to spell it.)
(Francisco: Oh--what is--W-H-I-P?)
...
(Balaji: What is W-I-P-P?)

W-I-P

BalajiFranciscoLaura
    $200 26
prosciutto

Francisco
    $400 2
Mount St. Helens

Laura
    $400 5
a skirt

Laura
    $400 13
20,000 Leagues Under the Sea

Francisco
    $400 10
Diane Keaton

Triple Stumper
    $400 19
S-K-O-O-L

Laura
    $400 27
Turin

Balaji
    $600 23
(Francisco: What is Mauna Loa?)

Kilauea

BalajiFrancisco
    $600 6
scarf

Balaji
    $600 14
The Scarlet Letter

Francisco
    $600 11
Blake Shelton

Triple Stumper
    $600 20
R-I-T-E

Balaji
    $600 28
[The end-of-round signal sounds.]

Chianti

Triple Stumper
    $800 24
(Alex: With a minute to go.)

Antarctica

Balaji
    $800 7
pants

Laura
    $2,000 15
(Francisco: What is Fantastic Mr. Fox?)

The Wind in the Willows

Francisco
    $800 17
Duke Ellington

Laura
    $800 21
K-I-X

Francisco
    $1000 25
Crater Lake

Laura
    $1000 8
cap

Francisco
    $1000 16
(Balaji: What is the Odyssey?)
(Laura: What is the Iliad?)

Ulysses

BalajiLaura
Triple Stumper
    $1000 18
John Singleton

Francisco
    $1000 22
F-A-N-T-A-S-T-I-K

Triple Stumper

Scores at the first commercial break (after clue 13):

Balaji Francisco Laura
$600 $1,400 $2,200

Scores at the end of the Jeopardy! Round:

Balaji Francisco Laura
$2,000 $1,400 $3,400

Double Jeopardy! Round responses

TOP OF THE LIST
MAGIC
OLYMPIC GOLD MEDALISTS BY SPORT
COME TO OUR AIDE
POEMS ON POETS
CROSSWORD CLUES "F"
    $400 11
Yale

Balaji
    $400 6
a wand

Francisco
    $400 21
gymnastics

Francisco
    $400 16
Princess Diana

Laura
    $400 30
(Rabbie) Burns

Laura
    $400 1
flag

Laura
    $800 12
Persian

Francisco
    $800 7
Penn & Teller

Francisco
    $800 22
boxing

Francisco
    $800 17
(Vladimir) Putin

Balaji
    $800 29
(William) Blake

Balaji
    $800 2
fabric

Laura
    $1200 13
Delta

Balaji
    $1200 8
David Copperfield

Francisco
    $1200 23
tennis

Francisco
    $2,600 18
Tip O'Neill

Balaji
    $1200 28
(Alexander) Pope

Laura
    $1200 3
fissure

Francisco
    $1600 14
Cherry Garcia

Francisco
    $1600 9
prestidigitation

Laura
    $1600 24
the decathlon

Triple Stumper
    $1600 20
(Balaji: [*]?)
...
(Alex: Yes, you didn't phrase it in question form, Balaji, and you know that costs you in Double Jeopardy!)

the House Un-American Activities Committee

BalajiFrancisco
    $1600 27
(Edmund) Spenser

Laura
    $1600 4
fatwa

Laura
    $2000 15
the Altima

Triple Stumper
    $2000 10
David Blaine

Laura
    $1,000 25
(Alex: With less than a minute to go now.)

the long jump

Francisco
    $2000 19
(Francisco: What is the White House Press Correspondent's Dinner?)

the White House State Dinner

BalajiFrancisco
    $2000 26
Shelley

Balaji
    $2000 5
finesse

Laura

Scores at the end of the Double Jeopardy! Round:

Balaji Francisco Laura
$10,200 $10,400 $15,400

[wagering suggestions for these scores]

Final Jeopardy! Round responses

U.S. CITIES
BalajiWhat is Phoenix?
$10,199
FranciscoWhat is Atlanta
$10,400
LauraWhat is Boston?
$5,401
Phoenix, Arizona

Final scores:

Balaji Francisco Laura
$20,399 $0 $9,999
2-day champion: $55,799 3rd place: $1,000 2nd place: $2,000

Game dynamics:

Coryat scores:

Balaji Francisco Laura
$8,800 $13,400 $15,400
13 R
(including 1 DD),
3 W
18 R
(including 1 DD),
4 W
(including 1 DD)
19 R,
1 W

Combined Coryat: $37,600

[game clues] [game scores] [suggest correction]

Game tape date: 2011-09-20
The J! Archive is created by fans, for fans. Scraping, republication, monetization, and malicious use prohibited; this site may use cookies and collect identifying information. See terms. The Jeopardy! game show and all elements thereof, including but not limited to copyright and trademark thereto, are the property of Jeopardy Productions, Inc. and are protected under law. This website is not affiliated with, sponsored by, or operated by Jeopardy Productions, Inc. Join the discussion at JBoard.tv.